Manual de obligaciones / (Registro nro. 29132)

Detalles MARC
000 -LEADER
fixed length control field 01560nam a2200265Ia 4500
003 - CONTROL NUMBER IDENTIFIER
control field CO-CtgCURN
005 - DATE AND TIME OF LATEST TRANSACTION
control field 20250410221006.0
008 - FIXED-LENGTH DATA ELEMENTS--GENERAL INFORMATION
fixed length control field 190723s9999 xx 000 0 und d
020 ## - INTERNATIONAL STANDARD BOOK NUMBER
International Standard Book Number 9589693520
040 ## - CATALOGING SOURCE
Original cataloging agency CO-CtgCURN
Language of cataloging spa
Transcribing agency coctgcurn
082 ## - DEWEY DECIMAL CLASSIFICATION NUMBER
Classification number 346.02
Item number G939
100 ## - MAIN ENTRY--PERSONAL NAME
Personal name Guevara Lopez, Luis Ernesto
245 #0 - TITLE STATEMENT
Title Manual de obligaciones /
Statement of responsibility, etc. Luis Ernesto Guevara Lopez
260 ## - PUBLICATION, DISTRIBUTION, ETC.
Place of publication, distribution, etc. Bogotá, Colombia :
Name of publisher, distributor, etc. Fundacion Universitaria de Boyaca,
Date of publication, distribution, etc. 2001
300 ## - PHYSICAL DESCRIPTION
Extent 298 páginas ;
Dimensions 24 centímetros
490 ## - SERIES STATEMENT
Series statement Investigaciones CIPADE
504 ## - BIBLIOGRAPHY, ETC. NOTE
Bibliography, etc. note Incluye referencias bibliográficas (p. 285-286)
505 ## - FORMATTED CONTENTS NOTE
Formatted contents note pte. 1. La obligacion -- Clases de obligaciones -- Modalidades de la obligacion -- La obligacion con sujeto plural -- pte. 2. Fuentes de la obligaciones -- El contrato -- Los cuasicontratos -- pte. 3. Sancion a las condiciones de formacion de los actos jurídicos --Nulidad absoluta y nulidad relativa -- Efectos de la nulidad -- La lesión en derecho positivo colombiano -- pte. 4. Responsabilidad contractual -- pte. 5. Responsabilidad extracontractual -- La culpa como fuente de la responsabilidad extracontractual -- El nexo causal -- El dano -- Diversas formas de responsabilidad extracontractual -- ¿Como afecta la decision penal en el campo civil?
521 ## - TARGET AUDIENCE NOTE
Target audience note AREA PROFESIONAL
590 ## - LOCAL NOTE (RLIN)
Local note Programa de Derecho_18
650 ## - SUBJECT ADDED ENTRY--TOPICAL TERM
Topical term or geographic name entry element Derecho civil
Geographic subdivision Colombia
650 ## - SUBJECT ADDED ENTRY--TOPICAL TERM
Topical term or geographic name entry element Derecho comercial
Geographic subdivision Colombia
942 ## - ADDED ENTRY ELEMENTS (KOHA)
Koha item type Libros
Classification part 346.02
Item part G939
Source of classification or shelving scheme Dewey Decimal Classification
Suppress in OPAC No
Existencias
Withdrawn status Lost status Damaged status Not for loan Collection Home library Current library Shelving location Date acquired Inventory number Total checkouts Full call number Barcode Date last seen Copy number Price effective from Koha item type
          Miguel Henríquez Castañeda Barranquilla Miguel Henríquez Castañeda Barranquilla General 05/23/2018 00196   346.02 G939 00196 07/23/2019 ej.1 07/23/2019 Libros